La construcción discursiva de la realidad: una perspectiva discursiva e interactiva de la significación
Saved in:
| Hovedforfatter: | |
|---|---|
| Format: | Bog |
| Sprog: | spansk |
| Udgivet: |
Cali
Fondo Ministerio de Educación Nacional
1998
|
| Serier: | Programa de Mejoramiento Docente en Lengua Materna: Desarrollo de la Lectura y la Escritura, 1
|
| Fag: | |
| Tags: |
Tilføj Tag
Ingen Tags, Vær først til at tagge denne postø!
|
MARC
| LEADER | 00000nam a2200000 a 4500 | ||
|---|---|---|---|
| 001 | UCO9535 | ||
| 003 | CL-VaPUC | ||
| 008 | 010302e19980000CK |||||||||||||||||spa|d | ||
| 082 | 0 | 4 | |a 401.41 |b MAR |2 21 |
| 100 | |a Martínez Solís, María Cristina |e autora |9 446761 | ||
| 245 | 1 | 3 | |a La construcción discursiva de la realidad: una perspectiva discursiva e interactiva de la significación |
| 300 | |a 37 p | ||
| 942 | |c BK | ||
| 945 | |d 20010302 00:00:00 |a cmena | ||
| 260 | |a Cali |b Fondo Ministerio de Educación Nacional |c 1998 | ||
| 650 | 0 | |a Análisis del discurso |9 256696 | |
| 650 | 0 | |a Discurso |9 351973 | |
| 650 | 0 | |a Semántica |9 265318 | |
| 650 | 0 | |a Lingüística |9 265068 | |
| 650 | 0 | |a Investigación lingüística |9 329785 | |
| 583 | |a last modification |c 20010302 00:00:00 |k Rodrigo Vera | ||
| 490 | 0 | |a Programa de Mejoramiento Docente en Lengua Materna: Desarrollo de la Lectura y la Escritura, 1 | |
| 999 | |c 293737 |d 293735 | ||
| 952 | |0 0 |1 0 |4 0 |6 401_410000000000000_MAR_1998 |7 0 |8 A |9 345443 |a FDOPOS |b FDOPOS |d 2019-11-20 |i 3684679 |o 401.41 MAR 1998 |p 3684679 |r 2025-01-22 |w 2019-11-20 |y BK |k MLA | ||